| Tag |
First Indicator |
Second Indicator |
Subfields |
| LEADER |
00000cam a2200000I 4500 |
| 001 |
in00003530749 |
| 005 |
20151105222540.0 |
| 008 |
140701s2015 enka b 001 0 eng d |
| 020 |
|
|
|a 1842659111
|
| 020 |
|
|
|a 9781842659113
|
| 035 |
|
|
|a (OCoLC)ocn882431006
|
| 035 |
|
|
|a (OCoLC)882431006
|
| 040 |
|
|
|a YDXCP
|b eng
|c YDXCP
|d BTCTA
|d OCLCQ
|d CDX
|d OCLCQ
|d LTSCA
|d OCLCF
|d UtOrBLW
|
| 049 |
|
|
|a TXAM
|
| 050 |
|
4 |
|a QC174.8
|b J36 2015
|
| 082 |
0 |
4 |
|a 530.1
|b 23
|
| 100 |
1 |
|
|a Jana, Madhusudan.
|
| 245 |
1 |
0 |
|a Statistical mechanics /
|c Madhusudan Jana.
|
| 264 |
|
1 |
|a Oxford, UK :
|b Alpha Science International,
|c [2015]
|
| 264 |
|
4 |
|c ©2015
|
| 300 |
|
|
|a 1 volume (various pagings) :
|b illustrations ;
|c 25 cm.
|
| 336 |
|
|
|a text
|b txt
|2 rdacontent
|
| 337 |
|
|
|a unmediated
|b n
|2 rdamedia
|
| 504 |
|
|
|a Includes bibliographical references and index.
|
| 650 |
|
0 |
|a Statistical mechanics.
|
| 650 |
|
7 |
|a Statistical mechanics.
|2 fast
|0 (OCoLC)fst01132070
|
| 938 |
|
|
|a Baker and Taylor
|b BTCP
|n BK0015315758
|
| 938 |
|
|
|a Coutts Information Services
|b COUT
|n 28479410
|
| 938 |
|
|
|a YBP Library Services
|b YANK
|n 100608393
|
| 947 |
|
|
|a A14842879547
|
| 945 |
|
|
|a PromptCat
|b 240863
|
| 946 |
|
|
|a stk
|
| 994 |
|
|
|a 92
|b TXA
|
| 999 |
|
|
|a MARS
|
| 999 |
f |
f |
|s d8fdaf8c-d99c-3435-8fab-d52f9185a722
|i 1bb99a77-1b78-3f89-8686-5bacd0a6854e
|t 0
|
| 952 |
f |
f |
|p normal
|a Texas A&M University
|b College Station
|c Sterling C. Evans Library
|d Evans: Library Stacks
|t 0
|e QC174.8 J36 2015
|h Library of Congress classification
|i unspecified -- unspecified
|m A14842879547
|
| 998 |
f |
f |
|a QC174.8 J36 2015
|t 0
|l Evans: Library Stacks
|